<?xml version="1.0" encoding="UTF-8"?>
<collection xmlns="http://www.loc.gov/MARC21/slim">
 <record>
  <leader>04017nmm a2200217   4500</leader>
  <controlfield tag="001">1/31131</controlfield>
  <controlfield tag="008">061020s1998    gr     f   ba       gre d</controlfield>
  <datafield tag="035" ind1=" " ind2=" ">
   <subfield code="l">33429</subfield>
  </datafield>
  <datafield tag="040" ind1=" " ind2=" ">
   <subfield code="a">GR-PeUP</subfield>
  </datafield>
  <datafield tag="082" ind1="0" ind2="0">
   <subfield code="a">CD-ROM 414.6 949 5 ΠΟΛ</subfield>
  </datafield>
  <datafield tag="245" ind1="0" ind2="0">
   <subfield code="a">Πολυτονιστής για MS-Word ΄97</subfield>
  </datafield>
  <datafield tag="260" ind1="0" ind2=" ">
   <subfield code="a">Αθήνα :</subfield>
   <subfield code="b">Magenta,</subfield>
   <subfield code="c">1998</subfield>
  </datafield>
  <datafield tag="300" ind1=" " ind2=" ">
   <subfield code="a">1 computer laser optical disks :</subfield>
   <subfield code="b">sd., col. ;</subfield>
   <subfield code="c">4 3/4 in +</subfield>
   <subfield code="e">1 computer disc 3 1/2.</subfield>
  </datafield>
  <datafield tag="500" ind1=" " ind2=" ">
   <subfield code="a">H δισκέτα συνοδεύει το προιόν ΠΟΛΥΤΟΝΙΣΤΗΣ για word 97 και πρέπει να χρησιμοποιηθεί όταν ζητηθεί από το πρόγραμμα εγκατάστασης</subfield>
  </datafield>
  <datafield tag="500" ind1=" " ind2=" ">
   <subfield code="a">Τίτλος από το κουτί :Πολυτονιστής MAGENTA</subfield>
  </datafield>
  <datafield tag="520" ind1="0" ind2=" ">
   <subfield code="a">Με τον ΠΟΛΥΤΟΝΙΣΤΗ μπορείται να γράφετε ελληνικά πολυτονικά κείμενα μέσα στον δημοφιλή επεξεργαστή κειμένων Microsoft Word ΄97. Ο ΠΟΛΥΤΟΝΙΣΤΗΣ χρησιμοποιεί γραμματοσειρές τεχνολογίας Unicode, τις νέες γραμματοσειρές στις οποίες μπορούν να υπάρχουν πολλά αλφάβητα ταυτόχρονα. Με τον ΠΟΛΥΤΟΝΙΣΤΗ μπορείται να παράγετε όλα τα σύμφωνα, τα άτονα φωνήεντα, όλους τους επιτρεπτούς συνδυασμούς των φωνηέντων με τα πνεύματα και τους τόνους και ειδικά σύμβολα, όπως τα σύμβολα αρίθμησης, το κόπα, το δίδαγμα, το σαμπί. Τα πνεύματα που παράγονται με τον ΠΟΛΥΤΟΝΙΣΤΗ αναλυτικά είναι :ψιλή, ψιλή και οξεία, ψιλή και βαρεία, ψιλή και περισπωμένη, δασεία, δασεία και οξεία, δασεία και βαρεία, δασεία και περισπωμένη, οξεία, βαρεία, διαλυτικά και οξεία, διαλυτικά και βαρεία, διαλυτικά και περισπωμένη, μακρό, βραχύ, περισπωμένη, υπογεγραμμένη, άνω τελεία. Με τις γραμματοσειρές Unicode λύνεται πλέον το προβλημα των πολλών και διαφορετικών κωδικοσελίδων. Όσα κείμενα γράφονται με τέτοιες γραμματοσειρές, που ακολουθούν όμως πιστά τις επίσιμες προδιαγραφές, θα εμφανίζονται σωστά σε όλα τα συστήματα που αντίστοιχα υποστηρίζουν αυτή την τεχνολογία. Στο πακέτο αυτό, εκτός από τον ΠΟΛΥΤΟΝΙΣΤΗ, περιέχονται και 5 οικογένειες γραμματοσειρών (συνολικά 18 γραμματοσειρές) τεχνολογίας Unicode που περιέχουν τα αλφάβητα :Ελληνικά πολυτονικά, Ελληνικά μονοτονικά, Αγγλικά, χωρών δυτικής Ευρώπης, χωρών κεντρικής Ευρώπης, Τουρκικά.</subfield>
  </datafield>
  <datafield tag="538" ind1=" " ind2=" ">
   <subfield code="a">Προυποθέσεις για τη χρήση του ΠΟΛΥΤΟΝΙΣΤΗ :Windows ΄98, Windows ΄95, Windows NT 4, MS-WORD ΄97 εγκατεστημένο.</subfield>
  </datafield>
  <datafield tag="650" ind1=" " ind2="4">
   <subfield code="a">Ελληνική γλώσσα, Νέα</subfield>
   <subfield code="x">Μελέτη και διδασκαλία.</subfield>
  </datafield>
  <datafield tag="650" ind1=" " ind2="4">
   <subfield code="a">Languages program.</subfield>
  </datafield>
  <datafield tag="650" ind1=" " ind2="4">
   <subfield code="a">Languages, Modern.</subfield>
  </datafield>
  <datafield tag="852" ind1=" " ind2=" ">
   <subfield code="a">INST</subfield>
   <subfield code="b">UNIPILB</subfield>
   <subfield code="c">MAIN</subfield>
   <subfield code="e">20070207</subfield>
   <subfield code="h">CD-ROM 414.6 949 5 ΠΟΛ</subfield>
   <subfield code="p">00151965</subfield>
   <subfield code="q">00151965</subfield>
   <subfield code="t">LOAN</subfield>
   <subfield code="y">0</subfield>
   <subfield code="4">1</subfield>
  </datafield>
 </record>
</collection>
